01389nam a22002537a 45000010005000000030006000050050017000110080041000280200018000690400031000870500015001180820013001331000024001462450029001702500048001992600037002473000050002844900020003345050008003545200710003625210020010725210020010926500023011124046FISKH20250821131541.0240603b cb ||||| |||| 00| 0 eng d a9780516248912 aFISKH beng cFISKHdFISKH aCJ1836.P46 a737.4973 aHill, Maryeauthor  aPennies /cby Mary Hill  aFirst Scholastic printing , Febraurary 2005 aNew York : bScholastic ; c2005 a24 pages : bcolor illustrations ; c16 cm .  a Welcome Books  aG  aDescribes what pennies are made of, how much they are worth, and what people do with them. The Money Matters emergent reader series introduces children to the basics of money. The spreads link text to images and discuss the meanings of the symbols on each coin and bill, and how people earn, save, and spend money. Includes glossary with pronunciation guide and an index. Also includes To Find Out More section that lists additional reading materials and websites that will encourage readers to learn more about money and beginning finance. This Welcome Book introduces readers to the penny. Learn what pennies are made of, what each symbol on the front and back means, and how many pennies make a dollar.8 a400 bLexile 8 aG bRaz-Plus  aMoneyvNon-Fiction